000 00608nam a2200241 a 4500
001 13833
003 BD-JhCC
005 20240420135529.0
008 230624s20192020bg |||| |||| 000 0 eng d
020 _a9780857503633
035 _a(BD-JhCC)13833
040 _aBD-JhCC
_dBD-JhCC
041 _aenglish
082 _a813.54
_bCHI 2020
100 _aChild, Lee
245 _aBlue Moon /
_cLee Child
260 _aLondon :
_bBantam,
_c2020
300 _a472 p. :
_c20 cm.
490 _aA Jack Reacher Thriller
650 _aReacher, Jack (Fictitious character)
650 _aThriller
942 _2ddc
_cBK
999 _c13833
_d13833